00226nam a2200097Ia 4500001000800000005001700008008004100025020001800066245002600084260001800110127242820260417151428.0260417s9999 xx 000 0 und d a9786255929839 0aSafiracFatma Tülin bKetebe Genç